| 000 | 00708nam a22001577a 4500 | ||
|---|---|---|---|
| 003 | OSt | ||
| 005 | 20150915095648.0 | ||
| 008 | 150915b xxu||||| |||| 00| 0 eng d | ||
| 040 | _cRUA | ||
| 082 | _aAGR YAV 2000 B023 Or.1 | ||
| 100 |
_9485 _aYAV, MALOSYA. |
||
| 245 | _aStudy on the rural credit with wvic in kandal steung district kandal province សិក្សាការធ្វើ៌ឥទានជនបទរបស់អង្គការទស្សនះពិភពលោកអន្តរជាតិកម្ពុជានៅស្រុកកណ្ដាលស្ទឺងខេត្តកណ្ដាល | ||
| 260 |
_aPhnom Penh _bRUA _c2000 |
||
| 300 |
_a62p. _bill. _c29cm. |
||
| 942 |
_2ddc _cAGR |
||
| 999 |
_c465 _d465 |
||